| 000 | 00407cam a2200181ua 4500 | ||
|---|---|---|---|
| 020 | _c6.50 | ||
| 041 |
_aeng _h |
||
| 082 |
_a535 _bDAV/LI |
||
| 100 | _aDavies, W.G . | ||
| 245 |
_aLight / _cW.G.Davies. _hTextual Documents |
||
| 250 |
_a1 / _b. |
||
| 260 |
_a : _bBlackie & Son Ltd , _c1963. |
||
| 300 |
_a231 : _b` ; . |
||
| 365 | _a6.50 | ||
| 504 | _a | ||
| 942 | _cBK | ||
| 999 |
_c1753 _d1753 |
||